000 00480nam a2200157 a 4500
008 120416s1974 ||||||||||||||||| || u
020 _a0304293229
050 _aPR 6053.O6J4
100 _aCockburn, Claud
245 1 0 _aJericho road
260 _aLondon:
_bCassell
_c1974
300 _a220p.
350 _a0.00
650 _aENGLISH LANGUAGE
995 _D0.00
_FCBU-MAIN LIBRARY (Kitwe)
_H1
_I5.00
_M1
_UAVAILABLE
_ZFiction Collection
999 _c48456
_d48456